[Event "Wch U10"]
[Site "Pocos de Caldas"]
[Date "2017.08.28"]
[Round "8"]
[White "Park, Evan"]
[Black "Lystsov, Leonid"]
[Result "1-0"]
[WhiteElo "1599"]
[BlackElo "1885"]
[PlyCount "75"]
[EventDate "2017.08.22"]
[EventType "swiss"]
[EventRounds "11"]
[EventCountry "BRA"]
[SourceTitle "CBM 180 Extra"]
[Source "ChessBase"]
[SourceDate "2017.10.06"]
[SourceVersion "1"]
[SourceVersionDate "2017.10.06"]
[SourceQuality "1"]

1. e4 g6 2. d4 Bg7 3. Nf3 d6 4. Bd3 Nf6 5. 0-0 0-0 6. c3 c5 7. Nbd2 Bg4 8. h3 Bxf3 9. Nxf3 a6 10. Be3 c4 11. Bc2 Nbd7 12. Nd2 b5 13. f4 e5 14. fxe5 dxe5 15. d5 Ne8 16. Qe2 Nd6 17. Rac1 f5 18. b3 f4 19. Bf2 Bh6 20. Nf3 g5 21. Nh2 Bg7 22. Kh1 cxb3 23. axb3 Rc8 24. Bd3 Nc5 25. Bxc5 Rxc5 26. b4 Rc8 27. c4 bxc4 28. Bxc4 Qb6 29. Bxa6 Rxc1 30. Rxc1 Qxb4 31. Bd3 Ra8 32. Nf3 h6 33. Qc2 Rc8 34. Qb1 Qxb1 35. Rxb1 Rc3 36. Rd1 Bf6 37. Nh2 h5 38. Kg1 1-0

[Event "Wch U10"]
[Site "Pocos de Caldas"]
[Date "2017.08.24"]
[Round "4"]
[White "Lystsov, Leonid"]
[Black "Mekhane, Adam"]
[Result "1-0"]
[WhiteElo "1885"]
[BlackElo "1967"]
[PlyCount "116"]
[EventDate "2017.08.22"]
[EventType "swiss"]
[EventRounds "11"]
[EventCountry "BRA"]
[SourceTitle "CBM 180 Extra"]
[Source "ChessBase"]
[SourceDate "2017.10.06"]
[SourceVersion "1"]
[SourceVersionDate "2017.10.06"]
[SourceQuality "1"]

1. c4 e5 2. g3 Nf6 3. Bg2 d5 4. cxd5 Nxd5 5. Nc3 Nb6 6. Nf3 Nc6 7. 0-0 Be7 8. a3 a5 9. d3 0-0 10. Be3 Re8 11. Rc1 Bf8 12. Ne4 Nd4 13. Nc5 Bxc5 14. Rxc5 Bg4 15. Bxd4 exd4 16. h3 Be6 17. Ng5 c6 18. Nxe6 Rxe6 19. Bf3 Nd7 20. Rc1 Ne5 21. Bg2 Ng6 22. Bf3 Qg5 23. Rc4 Rd8 24. Qc1 Qe7 25. Rc2 Ne5 26. Bg2 Nd7 27. Bf3 Ne5 28. Bg2 Ng6 29. Bf3 Re5 30. b4 axb4 31. axb4 Rb5 32. Rb2 Rxb4 33. Rxb4 Qxb4 34. Qb1 Qe7 35. Qb6 Ne5 36. Bg2 Rd7 37. Ra1 h6 38. Be4 g6 39. f4 Nc4 40. Ra8+ Kg7 41. Qa7 f5 42. Qb8 Kf6 43. Qg8 Nd6 44. Rf8+ Nf7 45. Bf3 h5 46. Kg2 Rd6 47. g4 hxg4 48. hxg4 Qe6 49. g5+ Ke7 50. Re8+ Kd7 51. Rxe6 Rxe6 52. Qxf7+ Kd6 53. Qxb7 Kc5 54. Qd7 Re3 55. Qxc6+ Kb4 56. Qc4+ Ka3 57. Qb5 Ka2 58. Qb4 Ka1 1-0